best player from every country beggining with i - Statistics

General Stats
  • This quiz has been taken 3 times
  • The average score is 1 of 9
Answer Stats
country player % Correct
italy federico chiesa
67%
iran mehdi taremi
33%
iceland Albert gudmundsson
0%
iraq ali al hamadi
0%
ireland caoimhin kelleher
0%
indonesia elkan baggott
0%
india lallianzuala chhangte
0%
israel manor solomon
0%
ivory coast wilfried zaha
0%
No matching quizzes found
Score Distribution
Percent of People with Each Score
Percentile by Number Answered
Your Score History
You have not taken this quiz